000 00289nam a22001337a 4500
008 181220b xxu||||| |||| 00| 0 eng d
020 _a9780814403242
041 _aeng
080 _a338
100 _a53
101 _aMEN
245 _aCorporate Culture
_cSherriton,J
942 _2udc
_cBK
999 _c53557
_d53557